Fungi Kingdom Classification (with tree) - Statistics

General Stats
  • This quiz has been taken 14 times
  • The average score is 7 of 99
Answers on the Map
Answers color-coded by a green-red scale on the quiz's map according to % correct below.
 
Answer Stats
Answer % Correct
Ascomycota Phylum
50%
Basidiomycota Phylum
50%
Fungi Kingdom
50%
Amanita
33%
Higher Fungi
33%
Mucoromycetes Class
33%
Mucoromycota Phylum
33%
Agaricales Order
17%
Candida
17%
Lecanorales Order
17%
Lecanoromycetes Class
17%
Most Lichens
17%
Mucoraceae Family
17%
Mucorales Order
17%
Parmelia
17%
Parmeliaceae Family
17%
Pezizaceae Family
17%
Pezizales Order
17%
Pezizomycetes Class
17%
Pezizomycotina
17%
Pleurotaceae Family
17%
Pucciniomycetes Class
17%
Saccharomyces cerevisiae
17%
Saccharomycetaceae Family
17%
Saccharomycetales Order
17%
Saccharomycetes Class
17%
Teloschistaceae Family
17%
Teloschistales Order
17%
Tremellomycetes Class
17%
True Yeasts
17%
Usnea
17%
Agaricaceae Family
0%
Agaricineae Suborder
0%
Agaricomycetes Class
0%
Agaricus
0%
Agaricus arvensis
0%
Agaricus bisporus
0%
Agaricus campestris
0%
Agaricus subrufescens
0%
Agaricus xanthodermus
0%
Amanita bisporigera
0%
Amanita caesarea
0%
Amanitaceae Family
0%
Amanita jacksonii
0%
Amanita muscaria
0%
Amanita pantherina
0%
Amanita phalloides
0%
Amanita rubescens
0%
Aspergillaceae Family
0%
Aspergillus oryzae
0%
Bolbitiaceae Family
0%
Boletales Order
0%
Calvatia gigantea
0%
Cantharellaceae Family
0%
Cantharellales Order
0%
Clavariaceae Family
0%
Clavicipitaceae Family
0%
Codycipitaceae Family
0%
Coprinus comatus
0%
Erysiphaceae Family
0%
Erysiphales Order
0%
Eurotiales Order
0%
Eurotiomycetes Class
0%
Geastrales Order
0%
Geoglossaceae Family
0%
Geoglossales Order
0%
Geoglossomycetes Class
0%
Hygrophoraceae Family
0%
Hymenogastraceae Family
0%
Hyndnaceae Family
0%
Hypocreaceae Family
0%
Hypocreales Order
0%
Lactarius
0%
Leotiomycetes Class
0%
Lycoperdon perlatum
0%
Macrolepiota procera
0%
Marasmiaceae Family
0%
Marasmiineae Suborder
0%
Morchellaceae Family
0%
Omphalotaceae Family
0%
Penicillium
0%
Phallaceae Family
0%
Phallales Order
0%
Physalacriaceae Family
0%
Polyporales Order
0%
Pyronemataceae Family
0%
Russula
0%
Russulaceae Family
0%
Russulales Order
0%
Schizophyllaceae Family
0%
Sordariomycetes Class
0%
Tuberaceae Family
0%
Ustilaginomycetes Class
0%
Xylaria
0%
Xylariaceae Family
0%
Xylaria hypoxylon
0%
Xylariales Order
0%
Xylaria longipes
0%
Xylaria polymorpha
0%
No matching quizzes found
Score Distribution
Percent of People with Each Score
Percentile by Number Answered
Your Score History
You have not taken this quiz